| 000 | 00808nam a2200253 a 4500 | ||
|---|---|---|---|
| 001 | 000033133 | ||
| 003 | DO-SdBNP | ||
| 005 | 20251016091943.0 | ||
| 007 | ta | ||
| 008 | 110817s1900 dr r 000 0 spa d | ||
| 040 |
_aDO-SdBNP _bspa _cBNPHU |
||
| 082 | 4 |
_a972.93 _bD671r _222 |
|
| 245 | 0 | 0 |
_aDominican Republic : _ba study in the new imperialism. |
| 264 | 4 |
_aNew York : _bInstitute for International Labor Research, _c[19..?] |
|
| 300 |
_a79 páginas ; _c22 cm. |
||
| 336 |
_atexto _btxt _2rdacontent |
||
| 337 |
_asin mediación _bn _2rdamedia |
||
| 338 |
_avolumen _bnc _2rdacarrier |
||
| 590 | _aInventariado, 2018/VM | ||
| 651 | 4 |
_aRepública Dominicana _xHistoria _9170 |
|
| 651 | 4 |
_aRepública Dominicana _xPolítica y gobierno _945 |
|
| 910 | _aValidado. Control de calidad MFF | ||
| 942 |
_2ddc _cLBS1 |
||
| 999 |
_c32624 _d32624 |
||